000 00470nam a2200193Ia 4500
008 170918s9999 xx 000 0 und d
020 _a9780439733229
050 _bC968 2006
100 _aCulver, Sloan
245 _aSam and Jack /
245 _cSloan Culver ; illustrated by Steve Molloy.
260 _aNew York :
260 _bScholastic,
260 _c2006
300 _a7 pages :
300 _bcolored illustration ;
300 _c23cm.
500 _a100
999 _c342483
_d342483